000 00675nam a2200253Ia 4500
003 OSt
005 20220928124356.0
006 a|||||r|||| 00| 0
007 ta
008 220927b |||||||| |||| 00| 0 eng d
024 _a74189
037 _cTextual
040 _aSDCL
_cSDCL
_beng
041 _2eng
_aeng
082 _aX:89F, N2
100 _aAnderson Lane K
_9464773
245 0 _aManagerial accounting
250 _a8
260 _aOhio
_bSouth Western Pub
_c1992
300 _axvi,1039p
_ccm.
700 _a Sollenberger Harold M
_9464774
942 _hX:89F, N2
_cTEXL
_2CC
999 _c777649
_d777649